[Event "Olomouc 2009 - IM C"]
[Site "?"]
[Date "2009.08.05"]
[Round "1.1"]
[White "Bronowicki, Mateusz"]
[Black "Kireev, Aleksei"]
[Result "1/2-1/2"]
[WhiteElo "2370"]
[BlackElo "2389"]
[PlyCount "31"]
[EventDate "2009.08.05"]

1. d4 d6 2. e4 e5 3. Nf3 exd4 4. Nxd4 Nf6 5. Nc3 Be7 6. Bf4 O-O 7. Qd2 Nc6 8.
O-O-O Nxd4 9. Qxd4 Be6 10. f3 a6 11. g4 Nd7 12. Qe3 Re8 13. h4 b5 14. Nd5 Bf8
15. Qc3 c5 16. Kb1 1/2-1/2

[Event "Olomouc 2009 - IM C"]
[Site "?"]
[Date "2009.08.05"]
[Round "1.2"]
[White "Havlikova, Kristyna"]
[Black "Sluka, Radek"]
[Result "1-0"]
[WhiteElo "2161"]
[BlackElo "2291"]
[PlyCount "167"]
[EventDate "2009.08.05"]

1. e4 c5 2. Nf3 Nc6 3. d4 cxd4 4. Nxd4 e5 5. Nb5 d6 6. c4 Be6 7. N1c3 a6 8. Na3
Rc8 9. b3 Nd4 10. Nc2 Nxc2+ 11. Qxc2 Nf6 12. Bd3 Be7 13. O-O O-O 14. a4 Nd7 15.
Qe2 Bg5 16. Rd1 Bxc1 17. Raxc1 Qg5 18. Qd2 Qg6 19. Bc2 Bg4 20. Re1 Bf3 21. g3
Nc5 22. Re3 Bg4 23. Nd5 Rfe8 24. f3 Bd7 25. Rd1 Bc6 26. Nc3 Ne6 27. Ne2 Rcd8
28. Rd3 Ng5 29. Re3 Qh5 30. Rf1 Re6 31. Nc3 Rh6 32. Nd5 Bxd5 33. exd5 Nh3+ 34.
Kh1 f5 35. f4 e4 36. Bd1 Qg6 37. Qb2 Re8 38. Be2 Qf7 39. Qd4 g5 40. Bd1 g4 41.
Be2 Qh5 42. Qb2 Qf7 43. Bd1 Rg6 44. b4 Qc7 45. Bb3 a5 46. Qd2 axb4 47. Qxb4 b6
48. Kg2 Rg7 49. Ra1 Ra8 50. Bd1 Qd8 51. Rb3 Qf6 52. Qc3 Qxc3 53. Rxc3 Rc7 54.
Rb1 Ra6 55. Rb5 Kf7 56. Rb4 Ke7 57. Rcb3 Kd7 58. Be2 Ra5 59. Rb2 Raa7 60. Kf1
Rc5 61. Bd1 Ra6 62. Rb1 Rc8 63. R1b2 Rc7 64. Rg2 Kc8 65. Ke2 b5 66. cxb5 Ra5
67. Kd2 Rc5 68. Bb3 Kc7 69. Bc4 Kb6 70. Ke3 Ra8 71. Kd4 Ka5 72. Kc3 Kb6 73. Kb3
Rc7 74. Kc3 e3 75. Re2 Nf2 76. Kd4 Re7 77. Bd3 Ne4 78. Rxe3 Rae8 79. Rc4 Ka5
80. Bxe4 Rxe4+ 81. Rxe4 Rxe4+ 82. Kd3 Re7 83. Rc6 Rd7 84. Kc4 1-0

[Event "Olomouc 2009 - IM C"]
[Site "?"]
[Date "2009.08.05"]
[Round "1.3"]
[White "Bente, Bjoern"]
[Black "Tibensky, Robert"]
[Result "0-1"]
[WhiteElo "2252"]
[BlackElo "2418"]
[PlyCount "94"]
[EventDate "2009.08.05"]

1. c4 e6 2. d4 f5 3. g3 Nf6 4. Bg2 c6 5. Nf3 d5 6. O-O Bd6 7. Qc2 O-O 8. Ne5 b6
9. cxd5 cxd5 10. Nd3 Bb7 11. Nc3 Nc6 12. Qa4 a6 13. Nf4 b5 14. Qd1 Re8 15. e3
Qb6 16. b3 Rac8 17. Bb2 a5 18. Nd3 Ba6 19. Rc1 Nb4 20. Nxb4 Bxb4 21. Ne2 Bd6
22. Re1 b4 23. f3 g5 24. Qd2 h6 25. Rxc8 Rxc8 26. Rc1 Rxc1+ 27. Nxc1 g4 28.
fxg4 Nxg4 29. Bf3 Nf6 30. e4 dxe4 31. Qxh6 Be5 32. Qg6+ Kf8 33. Qh6+ Ke7 34.
Be2 Bxd4+ 35. Bxd4 Qxd4+ 36. Kg2 Bxe2 37. Nxe2 Qf2+ 38. Kxf2 Ng4+ 39. Ke1 Nxh6
40. h3 e5 41. Kd2 Ng8 42. g4 f4 43. a3 bxa3 44. Nc3 Nf6 45. g5 Nh5 46. h4 Ke6
47. Ke2 e3 0-1

[Event "Olomouc 2009 - IM C"]
[Site "?"]
[Date "2009.08.05"]
[Round "1.4"]
[White "Ageichenko, Genadi A"]
[Black "Volodin, Viktor"]
[Result "1-0"]
[WhiteElo "2375"]
[BlackElo "2216"]
[PlyCount "65"]
[EventDate "2009.08.05"]

1. e4 c5 2. Nf3 Nc6 3. d4 cxd4 4. Nxd4 Nf6 5. Nc3 e5 6. Ndb5 d6 7. Bg5 a6 8.
Na3 b5 9. Nd5 Be7 10. Bxf6 Bxf6 11. c3 Bb7 12. Nc2 Nb8 13. g3 Bg5 14. h4 Bh6
15. Bg2 O-O 16. Nce3 g6 17. h5 Bg5 18. a4 bxa4 19. Rxa4 Nd7 20. hxg6 hxg6 21.
Qg4 Kg7 22. f4 Bxd5 23. Nxd5 Bf6 24. Qxd7 Qxd7 25. Rh7+ Kxh7 26. Nxf6+ Kg7 27.
Nxd7 Rfd8 28. Nb6 Ra7 29. b4 f5 30. Nd5 exf4 31. gxf4 fxe4 32. b5 Rb7 33. b6
1-0

[Event "Olomouc 2009 - IM C"]
[Site "?"]
[Date "2009.08.05"]
[Round "1.5"]
[White "Gasik, Anna"]
[Black "Simek, Petr"]
[Result "1/2-1/2"]
[WhiteElo "2216"]
[BlackElo "2301"]
[PlyCount "56"]
[EventDate "2009.08.05"]

1. e4 e5 2. Nf3 Nc6 3. Bb5 a6 4. Ba4 Nf6 5. d4 exd4 6. e5 Ne4 7. Nxd4 Nc5 8.
Nxc6 bxc6 9. Nc3 Nxa4 10. Nxa4 Qh4 11. Nc3 Qc4 12. Qd3 Qxd3 13. cxd3 a5 14. Bf4
Ba6 15. Kd2 Be7 16. h4 O-O 17. Rac1 Rab8 18. b3 Rb4 19. Ne2 a4 20. Kc2 Rfb8 21.
Rb1 R8b7 22. g3 f6 23. Bd2 R4b5 24. exf6 Bxf6 25. Nc3 axb3+ 26. Rxb3 Ra5 27.
Rhb1 Rxb3 28. axb3 Bxc3 1/2-1/2

[Event "Olomouc 2009 - IM C"]
[Site "?"]
[Date "2009.08.06"]
[Round "2.1"]
[White "Kireev, Aleksei"]
[Black "Simek, Petr"]
[Result "1-0"]
[WhiteElo "2389"]
[BlackElo "2301"]
[PlyCount "95"]
[EventDate "2009.08.05"]

1. d4 Nf6 2. Bg5 Ne4 3. Bh4 c5 4. f3 g5 5. fxe4 gxh4 6. e3 Bh6 7. Kf2 cxd4 8.
exd4 Qb6 9. Nc3 e6 10. Nf3 Nc6 11. Nb5 O-O 12. c4 d6 13. Qb3 e5 14. Nxd6 exd4
15. Qxb6 Be3+ 16. Ke1 axb6 17. Nxc8 Rfxc8 18. Bd3 Na5 19. Ke2 Nxc4 20. Rhb1 h3
21. gxh3 Ra5 22. Nh4 Rh5 23. Nf5 Kf8 24. Bxc4 Rxc4 25. Kd3 Rc6 26. h4 Bf2 27.
Rc1 Bxh4 28. a4 Bg5 29. Rxc6 Rh3+ 30. Kxd4 bxc6 31. a5 bxa5 32. Rxa5 f6 33.
Ra8+ Kf7 34. Ra7+ Kf8 35. b4 Rxh2 36. Kc5 Bd2 37. Rb7 h5 38. Kxc6 Kg8 39. b5
Re2 40. Kd5 Bf4 41. b6 Rb2 42. Ke6 Rb4 43. Ne7+ Kf8 44. Ng6+ Ke8 45. Nxf4 Rxe4+
46. Kf5 Rb4 47. Ne6 Rb1 48. Kxf6 1-0

[Event "Olomouc 2009 - IM C"]
[Site "?"]
[Date "2009.08.06"]
[Round "2.2"]
[White "Volodin, Viktor"]
[Black "Gasik, Anna"]
[Result "1/2-1/2"]
[WhiteElo "2216"]
[BlackElo "2216"]
[PlyCount "23"]
[EventDate "2009.08.05"]

1. Nf3 d5 2. d4 Nf6 3. c4 c6 4. Nc3 e6 5. Bg5 h6 6. Bxf6 Qxf6 7. Qb3 a5 8. e4
a4 9. Nxa4 dxc4 10. Qc2 Nd7 11. Bxc4 c5 12. Nxc5 1/2-1/2

[Event "Olomouc 2009 - IM C"]
[Site "?"]
[Date "2009.08.06"]
[Round "2.3"]
[White "Tibensky, Robert"]
[Black "Ageichenko, Genadi A"]
[Result "1/2-1/2"]
[WhiteElo "2418"]
[BlackElo "2375"]
[PlyCount "50"]
[EventDate "2009.08.05"]

1. d4 Nf6 2. Nf3 e6 3. c4 c5 4. e3 d5 5. Nc3 Nc6 6. a3 Ne4 7. Bd3 Nxc3 8. bxc3
Be7 9. O-O O-O 10. Qe2 Bd7 11. e4 dxc4 12. Bxc4 Na5 13. Ba2 Ba4 14. d5 exd5 15.
Bxd5 Bb3 16. c4 b5 17. cxb5 Bxd5 18. exd5 Bf6 19. Bb2 Re8 20. Qc2 Bxb2 21. Qxb2
Qxd5 22. Qc3 Nb3 23. Rad1 Nd4 24. Nxd4 cxd4 25. Rxd4 Qxb5 1/2-1/2

[Event "Olomouc 2009 - IM C"]
[Site "?"]
[Date "2009.08.06"]
[Round "2.4"]
[White "Sluka, Radek"]
[Black "Bente, Bjoern"]
[Result "1-0"]
[WhiteElo "2291"]
[BlackElo "2252"]
[PlyCount "119"]
[EventDate "2009.08.05"]

1. e4 c6 2. d4 d5 3. Nc3 dxe4 4. Nxe4 Bf5 5. Ng3 Bg6 6. Nf3 Nd7 7. h4 h6 8. h5
Bh7 9. Bd3 Bxd3 10. Qxd3 e6 11. Bd2 Ngf6 12. O-O-O Be7 13. Kb1 O-O 14. Qe2 Qb6
15. Ne5 Rad8 16. Bc1 Nd5 17. Ka1 c5 18. Nxd7 Rxd7 19. dxc5 Qxc5 20. Ne4 Qc7 21.
g4 Nf6 22. Nc3 Rxd1 23. Rxd1 Rd8 24. Rxd8+ Qxd8 25. f3 a6 26. Qc4 Qd7 27. a3
Bd8 28. Be3 Nd5 29. Bd4 Bf6 30. Nxd5 exd5 31. Qc3 Bxd4 32. Qxd4 Qc6 33. Kb1 Qb5
34. Ka2 Kf8 35. b3 Qe2 36. Qc5+ Kg8 37. Qc8+ Kh7 38. Qf5+ Kg8 39. Kb2 d4 40.
Qd5 Qe3 41. Qxb7 Qc3+ 42. Kb1 a5 43. Qe4 Kf8 44. a4 f6 45. Qd3 Qc5 46. Kb2 Qe5
47. Qb5 Qe7 48. Qc4 Qe5 49. Ka2 Qd6 50. b4 axb4 51. Kb3 Qf4 52. Qxb4+ Kg8 53.
Qc4+ Kf8 54. Qc5+ Kf7 55. Qd5+ Kf8 56. a5 Qd2 57. Qc5+ Kg8 58. Qc4+ Kh8 59. a6
Qg5 60. Qc8+ 1-0

[Event "Olomouc 2009 - IM C"]
[Site "?"]
[Date "2009.08.06"]
[Round "2.5"]
[White "Bronowicki, Mateusz"]
[Black "Havlikova, Kristyna"]
[Result "1/2-1/2"]
[WhiteElo "2370"]
[BlackElo "2161"]
[PlyCount "63"]
[EventDate "2009.08.05"]

1. d4 Nf6 2. c4 g6 3. f3 e5 4. dxe5 Nh5 5. Nh3 Nc6 6. Bg5 Be7 7. Bxe7 Qxe7 8.
g4 Ng7 9. Nc3 Nxe5 10. Nd5 Qh4+ 11. Nf2 Ne6 12. e3 c6 13. Nf4 O-O 14. Be2 Qe7
15. Ne4 Nxf4 16. exf4 Nxg4 17. Qd4 f5 18. Nd6 Nf6 19. c5 b6 20. b4 Ba6 21. Qe5
Qxe5 22. fxe5 Bxe2 23. Kxe2 Nd5 24. a3 bxc5 25. h4 cxb4 26. axb4 Rfb8 27. h5
Rxb4 28. hxg6 hxg6 29. Rh6 Rb2+ 30. Kd3 Nf4+ 31. Ke3 Nd5+ 32. Kd3 1/2-1/2

[Event "Olomouc 2009 - IM C"]
[Site "?"]
[Date "2009.08.07"]
[Round "3.1"]
[White "Havlikova, Kristyna"]
[Black "Kireev, Aleksei"]
[Result "1-0"]
[WhiteElo "2161"]
[BlackElo "2389"]
[PlyCount "123"]
[EventDate "2009.08.05"]

1. e4 d6 2. d4 g6 3. Nc3 c6 4. f4 d5 5. e5 h5 6. Be3 Nh6 7. Nf3 Bg4 8. h3 Nf5
9. Bf2 Bxf3 10. Qxf3 h4 11. Bd3 e6 12. O-O Be7 13. Ne2 Kf8 14. b3 a5 15. c4 Kg7
16. c5 b6 17. cxb6 Qxb6 18. Bxf5 gxf5 19. Nc3 Nd7 20. Na4 Qb5 21. Rfc1 Rac8 22.
Qe3 Qa6 23. Kh2 Kf8 24. Rc2 Ke8 25. a3 Nb6 26. Nc5 Qa7 27. a4 Nd7 28. Rb1 Nxc5
29. dxc5 Rb8 30. Be1 Kd7 31. Rd1 Rhg8 32. Rd3 Rg6 33. Qd4 Rbg8 34. Rdc3 Qa6 35.
Rf3 Qa7 36. Rfc3 R8g7 37. Rb2 Kc8 38. b4 axb4 39. Qxb4 Bd8 40. Rcb3 Bc7 41.
Bxh4 Kd7 42. Qb7 Qa5 43. Rb6 Rxg2+ 44. Rxg2 Rxg2+ 45. Kxg2 Qxa4 46. Rb4 Qa5 47.
Bf2 Qa2 48. Rb2 Qa1 49. Qb3 Qc1 50. Qb4 Qa1 51. Rb3 Qa8 52. Ra3 Qg8+ 53. Kh2
Qh8 54. Ra6 Qh6 55. Qa4 Ke7 56. Rxc6 Bd8 57. Rd6 Ba5 58. c6 Bd2 59. Bg3 Qh5 60.
Qa7+ Kf8 61. Qf2 Ba5 62. Rd7 1-0

[Event "Olomouc 2009 - IM C"]
[Site "?"]
[Date "2009.08.07"]
[Round "3.2"]
[White "Bente, Bjoern"]
[Black "Bronowicki, Mateusz"]
[Result "1/2-1/2"]
[WhiteElo "2252"]
[BlackElo "2370"]
[PlyCount "42"]
[EventDate "2009.08.05"]

1. c4 Nf6 2. Nc3 e5 3. Nf3 Nc6 4. e4 g6 5. d4 exd4 6. Nxd4 d6 7. Bg5 h6 8. Bh4
Bg7 9. Nxc6 bxc6 10. Be2 Qe7 11. O-O g5 12. Bg3 Nd7 13. Qd2 Ne5 14. Rae1 h5 15.
f3 Be6 16. b3 Ng6 17. Bd3 h4 18. Bf2 Be5 19. Be3 Nf4 20. Ne2 Qf6 21. c5 a5
1/2-1/2

[Event "Olomouc 2009 - IM C"]
[Site "?"]
[Date "2009.08.07"]
[Round "3.3"]
[White "Ageichenko, Genadi A"]
[Black "Sluka, Radek"]
[Result "1-0"]
[WhiteElo "2375"]
[BlackElo "2291"]
[PlyCount "125"]
[EventDate "2009.08.05"]

1. d4 f5 2. g3 Nf6 3. Bg2 g6 4. Nf3 Bg7 5. O-O O-O 6. c4 d6 7. Nc3 c6 8. b3 h6
9. Re1 g5 10. e3 Na6 11. Ba3 Qe8 12. b4 Nc7 13. Rc1 Qf7 14. b5 f4 15. exf4 gxf4
16. bxc6 bxc6 17. Qe2 Re8 18. Ne4 Bg4 19. Ned2 Qh5 20. Rb1 Ne6 21. Qf1 fxg3 22.
hxg3 c5 23. dxc5 Nxc5 24. Bxc5 Qxc5 25. Nh2 Rab8 26. Nxg4 Nxg4 27. Bd5+ Kh8 28.
Nb3 Qa3 29. Qe2 Nf6 30. Bc6 Rec8 31. Bg2 e5 32. Rbd1 a5 33. Rd3 Qb4 34. Nd2 a4
35. Rd1 Qb2 36. Rxd6 Qxa2 37. Qxe5 Qc2 38. Ne4 Re8 39. Qc3 Qxc3 40. Nxc3 a3 41.
Ra6 Rb3 42. Nb5 Re2 43. Nd4 Reb2 44. Nxb3 Rxb3 45. c5 Rc3 46. c6 h5 47. Ra7 Kh7
48. c7 Ne8 49. Be4+ Kh6 50. Ra6+ Bf6 51. Rd7 h4 52. Bc6 Nxc7 53. Rxc7 hxg3 54.
fxg3 Rc1+ 55. Kg2 Rc2+ 56. Kf3 a2 57. Be4 a1=Q 58. Rh7+ Kg5 59. Rxa1 Rc3+ 60.
Kg2 Be5 61. Ra5 Rxg3+ 62. Kf2 Kf4 63. Rxe5 1-0

[Event "Olomouc 2009 - IM C"]
[Site "?"]
[Date "2009.08.07"]
[Round "3.5"]
[White "Simek, Petr"]
[Black "Volodin, Viktor"]
[Result "1/2-1/2"]
[WhiteElo "2301"]
[BlackElo "2216"]
[PlyCount "47"]
[EventDate "2009.08.05"]

1. e4 e5 2. Nf3 Nc6 3. Bb5 a6 4. Ba4 Nf6 5. O-O Be7 6. Re1 b5 7. Bb3 d6 8. c3
O-O 9. h3 Nb8 10. d4 Nbd7 11. Nbd2 Bb7 12. Bc2 c5 13. Nf1 Qc7 14. Ng3 Rfe8 15.
b3 Bf8 16. a4 cxd4 17. cxd4 d5 18. axb5 axb5 19. Rxa8 Bxa8 20. exd5 Bxd5 21.
Nxe5 Nxe5 22. Rxe5 Rxe5 23. dxe5 Qxe5 24. Be3 1/2-1/2

[Event "Olomouc 2009 - IM C"]
[Site "?"]
[Date "2009.08.08"]
[Round "4.1"]
[White "Kireev, Aleksei"]
[Black "Volodin, Viktor"]
[Result "1-0"]
[WhiteElo "2389"]
[BlackElo "2216"]
[PlyCount "103"]
[EventDate "2009.08.05"]

1. d4 d5 2. Nf3 e6 3. Bg5 Be7 4. Bxe7 Qxe7 5. Nbd2 Nf6 6. e3 O-O 7. Bd3 b6 8.
O-O Ba6 9. Bxa6 Nxa6 10. Ne5 c5 11. c3 Nb8 12. f4 Nbd7 13. Qf3 cxd4 14. exd4
Nxe5 15. fxe5 Nd7 16. Rae1 Qg5 17. Re3 f5 18. exf6 Rxf6 19. Qe2 Rxf1+ 20. Nxf1
Nf8 21. Qb5 Rc8 22. Rf3 Qg6 23. Qb4 Qe8 24. Ne3 Rc7 25. Ng4 Rf7 26. Re3 Rf4 27.
h3 Qg6 28. Qd6 Qb1+ 29. Kh2 Rf1 30. Rxe6 h5 31. Ne3 Rh1+ 32. Kg3 Qe1+ 33. Kf3
Rf1+ 34. Nxf1 Nxe6 35. Nh2 Qe4+ 36. Kf2 Nf4 37. Nf3 Nd3+ 38. Kg3 Qf5 39. b3 Nc1
40. c4 Nxa2 41. cxd5 Nc3 42. Qe6+ Qxe6 43. dxe6 Ne2+ 44. Kf2 Nf4 45. Ng5 Kf8
46. Kf3 Ng6 47. Ke4 Ke7 48. d5 a5 49. Kd4 b5 50. Kc5 a4 51. d6+ Ke8 52. d7+ 1-0

[Event "Olomouc 2009 - IM C"]
[Site "?"]
[Date "2009.08.08"]
[Round "4.2"]
[White "Tibensky, Robert"]
[Black "Simek, Petr"]
[Result "1/2-1/2"]
[WhiteElo "2418"]
[BlackElo "2301"]
[PlyCount "81"]
[EventDate "2009.08.05"]

1. d4 d5 2. c4 c6 3. Nf3 Nf6 4. Qc2 e6 5. e3 Nbd7 6. Nc3 b6 7. Be2 Bb7 8. O-O
dxc4 9. Bxc4 c5 10. Qe2 a6 11. a4 Qc7 12. Rd1 Be7 13. b3 O-O 14. Bb2 Rfd8 15.
Rac1 h6 16. Rc2 Qb8 17. Rcd2 Qa7 18. d5 exd5 19. Nxd5 Nxd5 20. Bxd5 Bxd5 21.
Rxd5 Nf8 22. e4 Qb7 23. Ne5 Rxd5 24. exd5 Bf6 25. Nc6 Bxb2 26. Qxb2 Re8 27. Qc3
Nd7 28. h3 Nf6 29. Qf3 Qd7 30. d6 Kh8 31. Ne7 Rd8 32. Rd2 Qe6 33. Qd3 Ne8 34.
Nf5 g6 35. Nxh6 Rxd6 36. Qc3+ Kh7 37. Rxd6 Nxd6 38. Ng4 Ne8 39. Qd3 Kg7 40.
Qc3+ Kg8 41. Ne3 1/2-1/2

[Event "Olomouc 2009 - IM C"]
[Site "?"]
[Date "2009.08.08"]
[Round "4.3"]
[White "Sluka, Radek"]
[Black "Gasik, Anna"]
[Result "0-1"]
[WhiteElo "2291"]
[BlackElo "2216"]
[PlyCount "72"]
[EventDate "2009.08.05"]

1. e4 c5 2. Nf3 e6 3. b3 d6 4. Bb5+ Nd7 5. Bb2 Ngf6 6. e5 dxe5 7. Nxe5 Be7 8.
f4 O-O 9. O-O a6 10. Bd3 Qc7 11. Rf3 g6 12. Qe1 Re8 13. Rh3 b5 14. Qg3 Qb6 15.
Nxg6 c4+ 16. Kf1 fxg6 17. Bxg6 Kf8 18. Qg5 Bd8 19. Qh6+ Ke7 20. Qg7+ Kd6 21.
Bxe8 Nxe8 22. Qxh7 Nef6 23. Qf7 Ng4 24. d4 Bf6 25. bxc4 bxc4 26. Nd2 Kc7 27.
Nxc4 Qb5 28. Qxe6 Bb7 29. Qxg4 Qxc4+ 30. Kg1 Bxd4+ 31. Kh1 Bxb2 32. Rd1 Bc6 33.
Rh7 Rg8 34. Rdxd7+ Kb6 35. Qd1 Bxg2+ 36. Kg1 Bf3+ 0-1

[Event "Olomouc 2009 - IM C"]
[Site "?"]
[Date "2009.08.08"]
[Round "4.4"]
[White "Bronowicki, Mateusz"]
[Black "Ageichenko, Genadi A"]
[Result "0-1"]
[WhiteElo "2370"]
[BlackElo "2375"]
[PlyCount "107"]
[EventDate "2009.08.05"]

1. d4 Nf6 2. c4 e6 3. Nc3 c5 4. Nf3 d5 5. cxd5 cxd4 6. Qa4+ Bd7 7. Qxd4 exd5 8.
Bg5 Be7 9. Ne5 Nc6 10. Nxc6 bxc6 11. e3 Rb8 12. Qd2 Qb6 13. b3 Qa5 14. Rc1 O-O
15. Bd3 h6 16. Bxf6 Bxf6 17. Ne4 Qxd2+ 18. Nxd2 a5 19. O-O Rb4 20. Rc5 Ra8 21.
Rb1 Be7 22. Rcc1 Kf8 23. Kf1 Bd6 24. g3 Ke7 25. e4 a4 26. exd5 cxd5 27. Re1+
Kf8 28. Bc2 Rc8 29. Rbc1 Bh3+ 30. Kg1 Rbb8 31. Nb1 Rc7 32. Bd3 axb3 33. axb3
Rxb3 34. Rxc7 Bxc7 35. Bc2 Rb2 36. Ba4 Be6 37. Nc3 Bb6 38. Re2 Rb4 39. Bc2 d4
40. Nd1 Rc4 41. Nb2 Rc8 42. Kg2 Ba5 43. Be4 Bc3 44. h3 Rb8 45. Nd3 Bc4 46. Rc2
g6 47. Ne5 Be6 48. g4 g5 49. Re2 Rb5 50. Bd3 Ra5 51. f4 Ra2 52. Rxa2 Bxa2 53.
f5 Bd5+ 54. Kf2 0-1

[Event "Olomouc 2009 - IM C"]
[Site "?"]
[Date "2009.08.08"]
[Round "4.5"]
[White "Havlikova, Kristyna"]
[Black "Bente, Bjoern"]
[Result "0-1"]
[WhiteElo "2161"]
[BlackElo "2252"]
[PlyCount "78"]
[EventDate "2009.08.05"]

1. e4 c6 2. Nc3 d5 3. Nf3 Bg4 4. h3 Bxf3 5. Qxf3 e6 6. d3 Nd7 7. Bd2 Bb4 8. d4
dxe4 9. Nxe4 Bxd2+ 10. Nxd2 Ngf6 11. O-O-O Nb6 12. Kb1 Qd5 13. Qxd5 cxd5 14.
Bd3 Rc8 15. b3 O-O 16. Rde1 Rc7 17. g4 Re8 18. f4 g6 19. Re3 Nc8 20. g5 Nh5 21.
f5 gxf5 22. Bxf5 Nd6 23. Bg4 Ng7 24. Kb2 Rec8 25. c3 Ngf5 26. Bxf5 Nxf5 27. Rd3
b5 28. h4 a5 29. a3 Nd6 30. h5 b4 31. axb4 axb4 32. Rhh3 Nb5 33. Nb1 Kf8 34.
Kc2 Ra8 35. Kb2 Rca7 36. cxb4 Ra2+ 37. Kc1 Ra1 38. Rh1 R8a2 39. Rd2 Rxb1+ 0-1

[Event "Olomouc 2009 - IM C"]
[Site "?"]
[Date "2009.08.09"]
[Round "5.1"]
[White "Bente, Bjoern"]
[Black "Kireev, Aleksei"]
[Result "1/2-1/2"]
[WhiteElo "2252"]
[BlackElo "2389"]
[PlyCount "90"]
[EventDate "2009.08.05"]

1. d4 d6 2. c4 g6 3. e4 e5 4. Nc3 c6 5. Nf3 Bg7 6. Be2 Nd7 7. Be3 Qe7 8. O-O
Ngf6 9. d5 c5 10. Ne1 O-O 11. Nd3 Ne8 12. Rb1 f5 13. exf5 gxf5 14. f4 e4 15.
Nf2 Bxc3 16. bxc3 Ndf6 17. Kh1 Kh8 18. Qe1 Rg8 19. Nd1 Qg7 20. Rg1 Qh6 21. Nf2
Rg7 22. Rb2 b6 23. Nh3 Ng4 24. Bf2 Nxf2+ 25. Qxf2 Nf6 26. Ng5 Bd7 27. a4 Qg6
28. Ra1 h6 29. Nh3 Be8 30. Qf1 Rb7 31. a5 Rab8 32. axb6 axb6 33. Ra6 Qg7 34.
Nf2 Bh5 35. Nd1 Bxe2 36. Qxe2 Kh7 37. Ne3 Qg6 38. Qd1 Ng4 39. Nxg4 fxg4 40. Qe2
Qf5 41. Qe3 h5 42. Re2 Re7 43. Rb2 Reb7 44. Re2 Re8 45. Rb2 Reb8 1/2-1/2

[Event "Olomouc 2009 - IM C"]
[Site "?"]
[Date "2009.08.09"]
[Round "5.2"]
[White "Ageichenko, Genadi A"]
[Black "Havlikova, Kristyna"]
[Result "1/2-1/2"]
[WhiteElo "2375"]
[BlackElo "2161"]
[PlyCount "110"]
[EventDate "2009.08.05"]

1. d4 Nf6 2. c4 g6 3. Nc3 d5 4. Nf3 Bg7 5. cxd5 Nxd5 6. Qb3 Nb6 7. Bg5 Be6 8.
Qc2 Nc6 9. Rd1 O-O 10. e3 Nb4 11. Qb1 h6 12. Bf4 N6d5 13. Be5 c6 14. Bxg7 Kxg7
15. e4 Nxc3 16. bxc3 Na6 17. Qxb7 Nc7 18. Qxc6 Bxa2 19. Bc4 Bxc4 20. Qxc4 Ne6
21. O-O Rc8 22. Qb5 Qb6 23. Qxb6 axb6 24. Rb1 Rxc3 25. Rxb6 Ng5 26. Nxg5 hxg5
27. Rb7 e6 28. h3 Rfc8 29. f4 gxf4 30. Rxf4 R8c7 31. Rxc7 Rxc7 32. h4 e5 33.
dxe5 Re7 34. Kf2 Rxe5 35. Ke3 Ra5 36. Rf2 Ra1 37. Kf4 Rb1 38. Rf3 Ra1 39. g3
Ra4 40. g4 Ra1 41. Rh3 Rf1+ 42. Rf3 Rh1 43. Kg5 Re1 44. Rf4 Rg1 45. Rf2 Re1 46.
Kf4 Rh1 47. Kg3 Rg1+ 48. Rg2 Re1 49. Kf3 Rh1 50. h5 gxh5 51. gxh5+ Kh6 52. Kf4
Rxh5 53. e5 Kh7 54. Ke4 Rh6 55. Kf5 Rc6 1/2-1/2

[Event "Olomouc 2009 - IM C"]
[Site "?"]
[Date "2009.08.09"]
[Round "5.3"]
[White "Gasik, Anna"]
[Black "Bronowicki, Mateusz"]
[Result "0-1"]
[WhiteElo "2216"]
[BlackElo "2370"]
[PlyCount "102"]
[EventDate "2009.08.05"]

1. e4 e6 2. d4 d5 3. Nd2 Nf6 4. e5 Nfd7 5. Bd3 c5 6. c3 Nc6 7. Ne2 cxd4 8. cxd4
f6 9. exf6 Qxf6 10. Nf3 h6 11. O-O Bd6 12. Ng3 O-O 13. Bb1 Rd8 14. Re1 Nf8 15.
Nh5 Qf7 16. Ne5 Nxe5 17. dxe5 Bc7 18. Nf4 Bd7 19. Qg4 Rac8 20. Qg3 Bb6 21. Nd3
d4 22. Bd2 Bc6 23. Nf4 g5 24. Nd3 Ng6 25. Nb4 Rf8 26. Nxc6 bxc6 27. Bxg6 Qxg6
28. a4 d3 29. Be3 Rcd8 30. Red1 Rd5 31. Bxb6 axb6 32. Qe3 c5 33. a5 bxa5 34.
Rxa5 c4 35. Raa1 Qf5 36. Rac1 Rxe5 37. Qd4 Qe4 38. Rxc4 Qxd4 39. Rxd4 Re2 40.
f3 Rc8 41. R4xd3 Rcc2 42. Rc3 Rxg2+ 43. Kf1 Rgf2+ 44. Kg1 Rg2+ 45. Kf1 Rcf2+
46. Ke1 Rxb2 47. Kf1 Rbf2+ 48. Ke1 Re2+ 49. Kf1 Rxh2 50. Kg1 Kg7 51. Rc6 Kf6
0-1

[Event "Olomouc 2009 - IM C"]
[Site "?"]
[Date "2009.08.09"]
[Round "5.4"]
[White "Simek, Petr"]
[Black "Sluka, Radek"]
[Result "0-1"]
[WhiteElo "2301"]
[BlackElo "2291"]
[PlyCount "76"]
[EventDate "2009.08.05"]

1. e4 d5 2. exd5 Nf6 3. d4 Nxd5 4. c4 Nb6 5. Nf3 g6 6. Be2 Bg7 7. Be3 O-O 8.
Qd2 Nc6 9. Na3 e5 10. d5 Ne7 11. Bh6 Bxh6 12. Qxh6 Nf5 13. Qd2 e4 14. Nd4 e3
15. fxe3 Qh4+ 16. Kd1 Re8 17. Nac2 c6 18. b3 cxd5 19. c5 Nxd4 20. exd4 Nd7 21.
Bf3 Nf6 22. g3 Qh3 23. Kc1 Bf5 24. Kb2 Bxc2 25. Kxc2 Ne4 26. Bxe4 Rxe4 27. Rae1
Qg4 28. h3 Qxg3 29. Rxe4 dxe4 30. d5 e3 31. Qe2 Rd8 32. d6 Qe5 33. Qc4 Rc8 34.
b4 Qxd6 35. cxd6 Rxc4+ 36. Kd3 Rc6 37. Kxe3 Rxd6 38. Rc1 Ra6 0-1

[Event "Olomouc 2009 - IM C"]
[Site "?"]
[Date "2009.08.09"]
[Round "5.5"]
[White "Volodin, Viktor"]
[Black "Tibensky, Robert"]
[Result "0-1"]
[WhiteElo "2216"]
[BlackElo "2418"]
[PlyCount "82"]
[EventDate "2009.08.05"]

1. Nf3 f5 2. c4 Nf6 3. g3 e6 4. Bg2 d5 5. d4 c6 6. O-O Bd6 7. b3 Qc7 8. Bb2 b6
9. Ne5 Bb7 10. Nd2 O-O 11. Ndf3 a5 12. a4 Na6 13. Nd3 Rac8 14. Rc1 Rfd8 15. Qc2
c5 16. dxc5 bxc5 17. Be5 Nd7 18. Bxd6 Qxd6 19. cxd5 exd5 20. Nf4 g6 21. Qd2 Nb4
22. Ng5 Nf6 23. Rfd1 Re8 24. h4 Ne4 25. Nxe4 fxe4 26. e3 Rcd8 27. Qe2 Ba6 28.
Qg4 Re5 29. Rb1 Kh8 30. Rbc1 Nd3 31. Rb1 Re7 32. Rd2 Qf6 33. Rdd1 Qd6 34. Qg5
Rf7 35. h5 Rf5 36. Qg4 Ne5 37. Qh4 g5 38. Qh3 Bc8 39. Rxd5 Nf3+ 40. Bxf3 Rxd5
41. Ng6+ hxg6 0-1

[Event "Olomouc 2009 - IM C"]
[Site "?"]
[Date "2009.08.10"]
[Round "6.2"]
[White "Sluka, Radek"]
[Black "Volodin, Viktor"]
[Result "1-0"]
[WhiteElo "2291"]
[BlackElo "2216"]
[PlyCount "81"]
[EventDate "2009.08.05"]

1. e4 c6 2. d4 d5 3. Nc3 dxe4 4. Nxe4 Nf6 5. Nxf6+ exf6 6. Nf3 Bd6 7. Bc4 Bg4
8. h3 Bh5 9. Be3 Nd7 10. g4 Bg6 11. Qe2 Qe7 12. O-O-O Nb6 13. Rhe1 O-O 14. Bb3
Nd5 15. Nh4 Nxe3 16. Nxg6 hxg6 17. fxe3 a5 18. a4 b5 19. Qd3 Kh8 20. Kb1 Rfb8
21. c3 bxa4 22. Bxa4 Ba3 23. b3 Bd6 24. e4 Qc7 25. Qc4 Rb6 26. Rd3 Rab8 27. Rf3
R8b7 28. h4 Bf4 29. Ref1 g5 30. hxg5 Bxg5 31. Rh1+ Bh6 32. e5 Qd7 33. exf6 Qxg4
34. Qe2 Qg6+ 35. Kb2 Rb8 36. fxg7+ Kg8 37. Qh2 c5 38. dxc5 Re6 39. Qxb8+ Kxg7
40. Rg3 Re2+ 41. Ka1 1-0

[Event "Olomouc 2009 - IM C"]
[Site "?"]
[Date "2009.08.10"]
[Round "6.3"]
[White "Bronowicki, Mateusz"]
[Black "Simek, Petr"]
[Result "1-0"]
[WhiteElo "2370"]
[BlackElo "2301"]
[PlyCount "119"]
[EventDate "2009.08.05"]

1. d4 d5 2. c4 c6 3. Nf3 Nf6 4. Nc3 e6 5. e3 Nbd7 6. Qc2 Bd6 7. g4 Bb4 8. Bd2
Qe7 9. Rg1 Bxc3 10. Bxc3 Ne4 11. Bd3 Nxc3 12. Qxc3 O-O 13. O-O-O dxc4 14. Qxc4
e5 15. Qc2 g6 16. h4 Re8 17. Ng5 Nb6 18. Ne4 exd4 19. exd4 Nd5 20. a3 Qxh4 21.
f3 Rxe4 22. Bxe4 Ne3 23. Qb3 Nxd1 24. Rxd1 Qe7 25. d5 cxd5 26. Bxd5 Rb8 27.
Bxf7+ Qxf7 28. Rd8+ Kg7 29. Qd3 Kh6 30. Qd2+ Kg7 31. Qc3+ Kh6 32. Qd2+ Kg7 33.
Qd4+ Kh6 34. Qe3+ Kg7 35. Qe5+ Kh6 36. Qe3+ Kg7 37. Qe5+ Kh6 38. Qxb8 Qc4+ 39.
Kd2 Be6 40. Qh2+ Kg5 41. Qe5+ Kh4 42. Qe1+ Kh3 43. Rd3 Qf4+ 44. Re3 Bc4 45. Kc2
h5 46. Re4 Qc7 47. Re3 Qf4 48. gxh5 gxh5 49. Re4 Qf5 50. Kc1 Qg5+ 51. f4 Qg8
52. Qh1+ Kg4 53. Qg2+ Kf5 54. Re5+ Kxf4 55. Re4+ Kf5 56. Qf3+ Kg6 57. Qg3+ Kh7
58. Re7+ Bf7 59. Qxg8+ Kxg8 60. Rxb7 1-0